Things maps don't tell us : an adventure into map interpretation /

Bibliographic Details
Main Author: Lobeck, A. K. (Armin Kohl), 1886-1958
Format: Book
Language:English
Published: New York : Macmillan, 1956.
Subjects:

MARC

Tag First Indicator Second Indicator Subfields
LEADER 00000cam a2200000 a 4500
001 in00000048428
005 20151007071610.0
008 721109s1956 nyuab 00 10 eng
010 |a  56010626  
035 |a (OCoLC)00490991 
035 |9 AAE6278AM 
040 |a DLC  |c WSU  |d SER  |d TXA  |d UtOrBLW 
049 |a TXAC  |c [275941] 
050 0 0 |a GB59  |b  L6 
082 0 |a 551 
100 1 |a Lobeck, A. K.  |q (Armin Kohl),  |d 1886-1958. 
245 1 0 |a Things maps don't tell us :  |b an adventure into map interpretation /  |c by Armin K. Lobeck. 
264 1 |a New York :  |b Macmillan,  |c 1956. 
300 |a x, 159 pages :  |b illustrations, maps ;  |c 28 cm. 
336 |a text  |b txt  |2 rdacontent 
337 |a unmediated  |b n  |2 rdamedia 
338 |a volume  |b nc  |2 rdacarrier 
650 0 |a Physical geography. 
650 0 |a Geophysics. 
999 |a MARS 
999 f f |s 0b03d281-42ff-31c5-955e-8c10cfe636d3  |i cdd1387e-8cb1-3b31-9b7f-2dd3b1e3b16a  |t 0 
952 f f |p normal  |a Texas A&M University  |b College Station  |c Sterling C. Evans Library  |d Evans: Maps (2nd floor)  |t 0  |e GB59 L6  |h Library of Congress classification  |i unmediated -- volume  |m A14827808272 
998 f f |a GB59 L6  |t 0  |l Evans: Maps (2nd floor)